| 000 | 00618nam a2200193Ia 4500 | ||
|---|---|---|---|
| 003 | GCL | ||
| 008 | 140319s9999 xx 000 0 ara d | ||
| 040 |
_aGCL / _cGCL |
||
| 082 | 0 | 4 |
_a210 _bع د |
| 100 | 1 | _aعدنان على رضا النحوى | |
| 245 | 1 | 0 |
_aدور المنهج الربانى فى الدعوة الاسلامية / _cعدنان على رضا النحوى |
| 260 |
_a[S.N] : _bدار النحوى للنشر ، _c1993 |
||
| 300 | _a384 | ||
| 490 | _a | ||
| 650 | 0 | 4 | _aالشريعة الاسلامية |
| 650 | 0 | 4 | _aالدعوة الاسلامية |
| 650 | 0 | 4 | _aالنبوة |
| 942 |
_2ddc _cBK |
||
| 999 |
_c52773 _d52773 |
||